000 00494nam a2200181 4500
003 SEACOMMC
005 20231010054759.0
008 231010b |||||||| |||| 00| 0 eng d
020 _cRs. 350.00
040 _aSEACOMMC
082 _a621.3192
_bBAB
100 1 _aBabu, P. Ramesh
245 1 _aElectric circuit analysis
_cP. Ramesh Babu
260 _aChennai
_bScitech
_c2006
650 _aEngineering
650 _aGeneration, modification, storage, transmission of electric power
942 _cBOOK
999 _c43
_d43